000 nam a22 a 4500
999 _c431695
_d431695
003 BLK
005 20210914095941.0
008 200316b bul|||||r ||||||| ||bul||
040 _aBLK
041 _aBUL
_cBUL
080 _aРуска литература
_b821.161.1
_x-31
_z821.161.1-31
100 _aПавленко, Пьотър Андреевич
_eпърви автор
_9276111
139 _aПавленко, Пьотър Андреевич
245 1 0 _aЩастие
_bРоман
_cПьотър Андреевич Павленко; прев. Татяна Киркова, Никола Толчев
257 _aBGR
260 _aСофия
_bБКП
_c1949
_9212206
300 _a316 с.
_c21 см
380 _aX
700 _aКиркова, Татяна
_eпрев.
_9966
700 _aТолчев, Никола
_eпрев.
_9129939
760 1 _aПавленко, Пьотър Андреевич
_h192 с.
_nЦена в кумул.: 60 лв.
_tКн. 2
852 _aЦб 8.210.33014
_bО
856 4 _qpdf
_u
856 4 _qpdf
_u
942 _cKNG
_n0
_s1
944 _aCR
_c2021-09-14
_kнр